A Grammar of Legal English

Gespeichert in:
Bibliographische Detailangaben
Hauptverfasser: Bázlik, Miroslav (Verfasst von), Ambrus, Miroslav (Verfasst von)
Format: Buch
Sprache:Englisch
Veröffentlicht: Bratislava : Iura Edition, 2008
Ausgabe:1. Edition
Schlagworte:
Tags: Tag hinzufügen
Keine Tags, Fügen Sie das erste Tag hinzu!

MARC

LEADER 00000nam a22000003a 4500
001 stu175360
005 20150617225558.8
008 081104s2008----xo------------------eng-d
020 |a 978-80-8078-203-0 
040 |a STU  |b slo 
041 0 |a eng 
044 |a xo 
080 |a 811.111 
100 1 |a Bázlik, Miroslav  |4 aut 
245 1 |a A Grammar of Legal English 
250 |a 1. Edition 
260 |a Bratislava :  |b Iura Edition,  |c 2008 
300 |a 204 s 
650 7 |a anglická gramatika  |2 stusub 
700 1 |a Ambrus, Miroslav  |4 aut 
996 |b 284J034730  |c J*110530  |l JJST  |s P  |a 0  |w stu175360_0001 
996 |b 284J034729  |c J*110529  |l JJST  |s P  |a 0  |w stu175360_0002